000 00640nam a2200241Ia 4500
003 OSt
005 20220928112103.0
006 a|||||r|||| 00| 0
007 ta
008 220927b |||||||| |||| 00| 0 eng d
024 _a28775
037 _cTextual
040 _aSDCL
_cSDCL
_beng
041 _2eng
_aeng
082 _aG:7, M2
100 _aStewart Alistair D
_9426266
245 0 _aGenetic basis of development.
260 _aGlasgow
_bBlackie
_c1982
300 _aix,221p
_ccm.
700 _a Hunt David M
_9426267
942 _hG:7, M2
_cTEXL
_2CC
999 _c743248
_d743248